000 00770nam a2200181 a 4500
001 000034160
005 20260305073958.0
008 110926s1990 dr abc 000 0 spa d
040 _aDO-SdBNP
_bspa
_cBNPHU
041 1 7 _aspa
_2eng
_ffre
100 1 _aGerón, Candido,
_d1948-
_93577
245 1 0 _aAntología de la pintura dominicana =
_bAnthology of Dominican painting= Anthologie de la peinture dominicaine /
_cCándido Gerón ; traducción al inglés y al francés, Doña Guillermina Nadal.
246 1 0 _aAnthology of Dominican painting
246 1 0 _aAnthologie de la peinture dominicaine
260 _aSanto Domingo :
_bEditora Tele 3,
_c1990.
300 _a148 p. :
_bil., retrs. ;
_c30 cm.
500 _aTexto a tres columnas en los idiomas español, francés y inglés
999 _c33651
_d33651